A didaktika korszerűsége megjegyzések Wincenty Okoń könyvéhez : [könyvismertetés] /

Elmentve itt :
Bibliográfiai részletek
Szerző: Nagy Sándor
További közreműködők: Okoń Wincenty
Dokumentumtípus: Cikk
Megjelent: 1977
Sorozat:Magyar pedagógia : a Magyar Tudományos Akadémia Pedagógiai Bizottságának folyóirata 77 No. 1
Kulcsszavak:Okoń Wincenty, Didaktika könyvismertetés, Didaktika
Online Access:http://misc.bibl.u-szeged.hu/12845
LEADER 00777nab a2200193 i 4500
001 misc12845
005 20191106141529.0
008 170607s1977 hu o 0|| hun d
022 |a 0025-0260 
040 |a SZTE Miscellanea Repozitórium  |b hun 
041 |a hun 
100 1 |a Nagy Sándor 
245 1 2 |a A didaktika korszerűsége   |h [elektronikus dokumentum] :  |b megjegyzések Wincenty Okoń könyvéhez : [könyvismertetés] /  |c  Nagy Sándor 
260 |c 1977 
300 |a 80-90 
490 0 |a Magyar pedagógia : a Magyar Tudományos Akadémia Pedagógiai Bizottságának folyóirata  |v 77 No. 1 
695 |a Okoń Wincenty, Didaktika könyvismertetés, Didaktika 
700 0 1 |a Okoń Wincenty 
856 4 0 |u http://misc.bibl.u-szeged.hu/12845/1/mp_1977_001_5279_080-090.pdf  |z Dokumentum-elérés